[Event "GER Cup Net V3 U2400"]
[Site "Playchess.com INT"]
[Date "2020.05.27"]
[Round "2"]
[White "Serrer, Christoph"]
[Black "Koepke, Christian"]
[Result "1-0"]
[WhiteElo "2014"]
[BlackElo "2158"]
[PlyCount "49"]
[EventDate "2020.05.27"]
[EventType "swiss (blitz)"]
[EventRounds "9"]
[EventCountry "GER"]
[SourceTitle "EXT 2021"]
[Source "ChessBase"]
[SourceDate "2020.10.23"]
[SourceVersion "1"]
[SourceVersionDate "2020.10.23"]
[SourceQuality "1"]

1. c4 e6 2. g3 d5 3. Bg2 c5 4. cxd5 exd5 5. Nf3 Nc6 6. d4 cxd4 7. Nxd4 Qb6 8. Nc2 Be6 9. 0-0 Rd8 10. Nc3 d4 11. Ne4 Be7 12. Ne1 Nf6 13. Nd3 Nxe4 14. Bxe4 0-0 15. Nf4 Bc8 16. Nd5 Qb5 17. a4 Qc5 18. b4 Qc4 19. Bd2 Rxd5 20. Bd3 Qxd3 21. exd3 Nxb4 22. Qb3 Be6 23. Bxb4 Rb5 24. axb5 Bxb3 25. Bxe7 1-0